000 00707nam a2200289Ia 4500
005 20260324123647.0
008 008 260324s9999 xx 000 0 eng d
020 _a9780429483127
037 _aEBOOK
040 _aCRL
040 _beng
040 _cCRL
041 _2eng
041 _aeng
084 _qCRL
100 _aPaul Ornstein; Heinz Kohut
_91171059
245 4 _aThe Search for the Self
245 0 _bVolume 4: Selected Writings of Heinz Kohut 1978-1981
260 _bTaylor and Francis
260 _c2011
365 _a
365 _b195
856 _uhttp://www.taylorfrancis.com/books/9780429483127
942 _cEBOOK
999 _c1764880
_d1764880